The palace of enternal youth / (Record no. 131010)

MARC details
000 -LEADER
fixed length control field 00694nam a22002537a 4500
005 - DATE AND TIME OF LATEST TRANSACTION
control field 20170124110121.0
010 ## - LIBRARY OF CONGRESS CONTROL NUMBER
LC control number A-839741
020 ## - INTERNATIONAL STANDARD BOOK NUMBER
Terms of availability 00.00
035 ## - SYSTEM CONTROL NUMBER
System control number A-839741
037 ## - SOURCE OF ACQUISITION
Source of stock number/acquisition Cen Lib/Ret
040 ## - CATALOGING SOURCE
Original cataloging agency DPL
Language of cataloging EN
082 ## - DEWEY DECIMAL CLASSIFICATION NUMBER
Classification number S
Item number SHE
100 ## - MAIN ENTRY--PERSONAL NAME
Personal name Sheng, Hong
9 (RLIN) 30574
245 ## - TITLE STATEMENT
Title The palace of enternal youth /
Statement of responsibility, etc by Hong Sheng; translated by Yang Xlanyi [and] Gladys Yang
250 ## - EDITION STATEMENT
Edition statement 2nd ed.
260 ## - PUBLICATION, DISTRIBUTION, ETC. (IMPRINT)
Name of publisher, distributor, etc Foreign Language Press
Date of publication, distribution, etc 1980
Place of publication, distribution, etc Beijing
270 ## - ADDRESS
City Beijing
300 ## - PHYSICAL DESCRIPTION
Extent 281p.
Dimensions 19cm(Hb)
650 ## - SUBJECT ADDED ENTRY--TOPICAL TERM
Topical term or geographic name as entry element Chinese literature
9 (RLIN) 27957
650 ## - SUBJECT ADDED ENTRY--TOPICAL TERM
Topical term or geographic name as entry element Stories
9 (RLIN) 7500
700 ## - ADDED ENTRY--PERSONAL NAME
Personal name Xianyi, Yang
9 (RLIN) 30276
700 ## - ADDED ENTRY--PERSONAL NAME
Personal name Yang, Gladys
9 (RLIN) 30575
942 ## - ADDED ENTRY ELEMENTS (KOHA)
Source of classification or shelving scheme Dewey Decimal Classification
Koha item type English Books
Classification part S
Call number suffix SHE
Holdings
Withdrawn status Lost status Damaged status Not for loan Home library Current library Date acquired Source of acquisition Cost, normal purchase price Total Checkouts Full call number Barcode Date last seen Copy number Cost, replacement price Price effective from Koha item type Public note
Written off       Central Library Central Library 11/07/2015 Cen Lib/Ret 0.00   S SHE A-839741 11/07/2015 1 0.00 11/07/2015 English Books W/d List No. 6885/20 ; dtd 07/09/2020

© Delhi Public Library
Hit Counter
free hit counter